Culture Générale - Série 2094 - Statistiques

Statistiques générales
  • Ce quiz a été pris 92 fois
  • Le résultat moyen est 5 sur 10
Statistiques - réponses
Question Réponse % Correct
Dans quel art s’est illustré Rudolf Nouriev ? danse
85%
Qu'y a-t-il sur le dos du blouson de "L'Homme à la moto" d'Edith Piaf ? aigle
76%
Quel genre d’animaux un entomologiste étudie-t-il ? insectes
75%
Quelle était la profession d'Eugène Poubelle, l'inventeur de la poubelle ? préfet
64%
Quel est le plus grand lac d’Amérique du Nord ? lac Supérieur
54%
À quel roi doit-on ce fameux mot “l’exactitude est la politesse des rois” ? Louis XVIII
44%
Quel épreuve sportive ont créé Géo Lefebvre et Henri Desgrange ? Le tour de France
40%
Quel était l’instrument de prédilection d’Astor Piazzolla ? bandonéon
31%
Dans quelle mer se jette le fleuve Méandre ? Egée
31%
De quelle nationalité était la musicienne Violeta Parra (1917-1967) ? voir photo chilienne
29%
Aucun quiz correspondant
Distribution des résultats
% des personnes avec chaque résultat
Percentile par nombre de réponses
Votre historique - résultats
Vous n’avez pas pris ce quiz